[Event "AUTO-OPEN-4636"]
[Site "http://www.queenalice.com/game.php?id=1868554"]
[Date "2026.1.27"]
[Round "1"]
[White "shmurtz91"]
[Black "EduardoRo"]
[Result "0-1"]
[WhiteElo "1985"]
[BlackElo "1098"]

1. d4 e5 2. dxe5 Nc6 3. Nf3 Bb4+ 4. Nbd2 d5 5. c3 Ba5 6. e3 Bg4 7. Nb3 Bb6 8.
Be2 Bxf3 9. Bxf3 Nge7 10. Nd4 Nxe5 0-1

[Event "AUTO-ADV-4916"]
[Site "http://www.queenalice.com/game.php?id=1868711"]
[Date "2026.1.31"]
[Round "1"]
[White "EdsonEstevam"]
[Black "shmurtz91"]
[Result "0-1"]
[WhiteElo "1748"]
[BlackElo "1979"]

1. e4 e5 2. Nf3 d6 3. Nc3 c5 4. Bb5+ Nd7 5. d3 a6 6. Bxd7+ Bxd7 7. Nd5 Nf6 8.
Nxf6+ Qxf6 9. Bg5 Qg6 10. h3 f6 11. Bh4 Qxg2 12. Bg3 g5 13. Rh2 Qxh2 14. Bxh2
Bxh3 15. Qd2 h5 16. O-O-O g4 17. Ne1 g3 18. Bxg3 h4 19. Bh2 Ke7 20. Nf3 Bh6 0-1

[Event "AUTO-ADV-4916"]
[Site "http://www.queenalice.com/game.php?id=1868712"]
[Date "2026.1.31"]
[Round "1"]
[White "shmurtz91"]
[Black "EdsonEstevam"]
[Result "1-0"]
[WhiteElo "1968"]
[BlackElo "1737"]

1. d3 d5 2. Nf3 Bf5 3. b3 Nf6 4. Bb2 Qd6 5. Nc3 e5 6. g3 a6 7. Bg2 h6 8. e3 Be7
9. O-O Nc6 10. Qe2 Bg4 11. h3 e4 12. hxg4 Nxg4 13. dxe4 dxe4 14. Nxe4 Qe6 15.
Nfd2 Nce5 16. Nc5 Qg6 17. f3 Qh5 18. fxg4 Nxg4 19. Bf3 f5 20. Ne6 Kd7 21. Nxg7
Qg6 22. Nxf5 h5 23. Be4 Qg5 24. Bxb7 Raf8 25. Nxe7 Qxe7 26. Nc4 Rhg8 27. Qd3+
Ke8 28. Bc6+ 1-0

[Event "AUTO-ADV-4916"]
[Site "http://www.queenalice.com/game.php?id=1868721"]
[Date "2026.1.31"]
[Round "1"]
[White "mvson33"]
[Black "shmurtz91"]
[Result "1-0"]
[WhiteElo "1945"]
[BlackElo "1986"]

1. e4 e6 2. d4 Nc6 3. Nf3 g6 4. Bb5 Nge7 5. O-O Bg7 6. Nc3 a6 7. Ba4 O-O 8. Be3
b5 9. Bb3 a5 10. a3 Bb7 11. Qe2 a4 12. Ba2 Nb4 13. axb4 Nc6 14. Rfd1 Nxb4 15.
Qxb5 Nxc2 16. Rac1 c6 17. Qxb7 Rb8 18. Qa6 Rxb2 19. Qxa4 Qb6 20. Rxc2 1-0

[Event "AUTO-ADV-4916"]
[Site "http://www.queenalice.com/game.php?id=1868722"]
[Date "2026.1.31"]
[Round "1"]
[White "shmurtz91"]
[Black "mvson33"]
[Result "1/2-1/2"]
[WhiteElo "1963"]
[BlackElo "1940"]

1. d3 e5 2. d4 exd4 3. Bf4 Nf6 4. h3 d6 5. Nf3 Be7 6. Nxd4 O-O 7. e3 Bd7 8. Bd3
Nc6 9. a3 Nxd4 10. exd4 Re8 11. O-O c6 12. c3 d5 13. Nd2 Rc8 14. Nf3 Be6 15. Bc2
Bd6 16. Bg5 Be7 17. Qd3 g6 18. Nd2 Bf8 19. f4 Bg7 20. f5 Bd7 21. fxg6 fxg6 22.
h4 Rf8 23. Rae1 Qb6 24. b4 Qc7 25. Re7 Rce8 26. Rfe1 Rxe7 27. Rxe7 Rf7 28. Qe2
Qd8 29. Re5 Qc7 30. Re7 Rxe7 31. Qxe7 Ne4 32. Bxe4 dxe4 33. Nxe4 Qc8 34. Bf6 Qf8
35. Qxd7 Bxf6 36. Nxf6+ Qxf6 37. Qxb7 Qxh4 38. Qc7 Qe1+ 39. Kh2 1/2-1/2

[Event "AUTO-ADV-4920"]
[Site "http://www.queenalice.com/game.php?id=1869550"]
[Date "2026.2.21"]
[Round "1"]
[White "game"]
[Black "shmurtz91"]
[Result "1-0"]
[WhiteElo "1553"]
[BlackElo "1999"]

1. e4 e5 2. d4 d6 3. Bc4 Nf6 4. dxe5 Nfd7 5. Qf3 Nxe5 6. Qc3 Nbc6 7. Bf4 Ng6 8.
Bg3 Be7 9. Qxg7 Rf8 10. Qxh7 Nd4 11. Kd1 Qd7 12. Qg7 c5 13. Nf3 Nxf3 14. gxf3
Ne5 15. Na3 Nxc4 16. Nxc4 Qe6 17. Ne3 Bf6 18. Qh6 Bxb2 19. Qxe6+ fxe6 20. Rb1
Be5 21. Nc4 Bxg3 22. hxg3 Rxf3 23. Nxd6+ Ke7 24. Ke2 Ra3 25. e5 b6 26. Kd2 Rf3
27. Rh7+ Kd8 28. Ke2 Rf8 29. f4 Bd7 30. Kf3 Kc7 31. Rd1 a6 32. Nc4 Rad8 33. Rd6
b5 34. Na5 Kc8 35. Rxa6 Kb8 36. c4 b4 37. Rh1 Kc7 38. Ra7+ Kb8 39. Rb7+ Kc8 40.
Rb6 Rf7 41. Nb7 Kc7 42. Nxd8 Kxb6 43. Nxf7 Ka5 44. Nd6 Ka4 45. Ne4 Ka3 46. Nxc5
Bc6+ 47. Ne4 Kxa2 48. Ke3 b3 49. Rh2+ Kb1 50. Nc3+ Kc1 51. Kd3 Bf3 52. Rh6 Bd1
53. Rxe6 b2 54. Rb6 1-0

[Event "AUTO-ADV-4920"]
[Site "http://www.queenalice.com/game.php?id=1869551"]
[Date "2026.2.21"]
[Round "1"]
[White "shmurtz91"]
[Black "game"]
[Result "1-0"]
[WhiteElo "1971"]
[BlackElo "1714"]

1. e4 e5 2. Nf3 d6 3. Bc4 Bg4 4. d3 Nf6 5. h3 Bxf3 6. Qxf3 Be7 7. Nc3 c5 8. a3
Nc6 9. Rb1 Nd4 10. Qd1 O-O 11. O-O b6 12. Nd5 Nxd5 13. Bxd5 Rc8 14. c3 Nb5 15.
f4 Nc7 16. Ba2 g6 17. f5 gxf5 18. Rxf5 Ne6 19. Bh6 Re8 20. Bxe6 fxe6 21. Qg4+
Bg5 22. Rxg5+ Kh8 23. Bg7+ Kg8 24. Bf6+ Kf7 25. Rg7+ Kf8 26. Rg8+ Kf7 27. Qg7#
1-0

[Event "AUTO-ADV-4920"]
[Site "http://www.queenalice.com/game.php?id=1869572"]
[Date "2026.2.21"]
[Round "1"]
[White "Capixabba789"]
[Black "shmurtz91"]
[Result "0-1"]
[WhiteElo "1834"]
[BlackElo "1960"]

1. d4 Nf6 2. c4 c6 3. Nc3 d5 4. e3 Bf5 5. Nf3 e6 6. c5 b6 7. b4 a5 8. b5 bxc5 9.
a4 c4 10. Be2 Bd6 11. O-O h6 12. Ne5 Bb4 13. Na2 Ne4 14. f3 Nd6 15. Nxb4 axb4
16. bxc6 Qc7 17. f4 Nxc6 18. Bh5 O-O 19. Bg4 Bh7 20. Qf3 b3 21. Bb2 Ne4 22. Rfd1
c3 23. Bxc3 Nxc3 0-1

[Event "AUTO-ADV-4920"]
[Site "http://www.queenalice.com/game.php?id=1869573"]
[Date "2026.2.21"]
[Round "1"]
[White "shmurtz91"]
[Black "Capixabba789"]
[Result "1-0"]
[WhiteElo "1962"]
[BlackElo "1881"]

1. e4 e5 2. Bc4 Nc6 3. Nf3 Be7 4. c3 Nf6 5. d4 exd4 6. cxd4 O-O 7. e5 Ng4 8. h3
Nh6 9. Bxh6 gxh6 10. Nc3 Kh8 11. Qd2 Bg5 12. Qe2 f5 13. h4 Bf6 14. exf6 Re8 15.
Ne5 Nxe5 16. dxe5 d6 17. O-O-O Rxe5 18. Qxe5 1-0